[Event "10th Summer Open"]
[Site "Nice FRA"]
[Date "2003.08.05"]
[Round "2"]
[White "Dableo,R"]
[Black "Paragua,M"]
[Result "1/2-1/2"]
[WhiteElo "2305"]
[BlackElo "2500"]

1.e4 c5 2.Ne2 Nc6 3.Nbc3 d6 4.g3 g6 5.Bg2 Bg7 6.d3 e6 7.Be3 Rb8 8.a4 Nge7
9.Qd2 Nd4 10.Nc1 O-O 11.Nd1 e5 12.O-O f5 13.f4 exf4 14.Bxf4 fxe4 15.dxe4 Be5  1/2-1/2

[Event "10th Summer Open"]
[Site "Nice FRA"]
[Date "2003.08.05"]
[Round "3"]
[White "Mitkov,N"]
[Black "Sanchez,Joseph"]
[Result "1/2-1/2"]
[WhiteElo "2552"]
[BlackElo "2410"]

1.e4 c5 2.Nc3 Nc6 3.Bb5 Nf6 4.Nf3 Qc7 5.O-O Nd4 6.Re1 e5 7.Nxd4 cxd4 8.Nd5 Nxd5
9.exd5 a6 10.Ba4 Bd6 11.c3 O-O 12.cxd4 exd4 13.h3 b5 14.Bb3 a5 15.a4 bxa4
16.Rxa4 Bb4 17.Re4 Qb6 18.d3 d6 19.Bc4 Bf5 20.Re2 Bd7 21.Ra1 Be8  1/2-1/2

[Event "Open"]
[Site "Olomouc CZE"]
[Date "2003.08.05"]
[Round "7"]
[White "Berezjuk,S"]
[Black "Klima,L"]
[Result "1/2-1/2"]
[WhiteElo "2398"]
[BlackElo "2425"]

1.e4 c5 2.Nf3 Nc6 3.Nc3 g6 4.d4 cxd4 5.Nxd4 Bg7 6.Be3 d6 7.f3 Nf6 8.Qd2 O-O
9.O-O-O d5 10.Kb1 Nxd4 11.e5 Nd7 12.Bxd4 Nxe5 13.Qe3 Nc6 14.Bxg7 Kxg7 15.Nxd5 Qa5
16.Bc4 Be6 17.Rd3 Rac8 18.Rhd1 Rfd8 19.Bb3 Bxd5 20.Bxd5 Rxd5 21.Rxd5 Qc7  1/2-1/2

[Event "Open"]
[Site "Olomouc CZE"]
[Date "2003.08.06"]
[Round "8"]
[White "Karlik,V"]
[Black "Balabaev,T"]
[Result "1/2-1/2"]
[WhiteElo "2286"]
[BlackElo "2462"]

1.e4 c5 2.Nf3 Nc6 3.Nc3 Nf6 4.Bb5 Qc7 5.O-O Nd4 6.Bc4 d6 7.h3 g6 8.d3 Bg7
9.Nxd4 cxd4 10.Ne2 e5 11.f4 O-O 12.Ng3 Be6 13.Bb3 Bxb3 14.axb3 exf4 15.Bxf4  1/2-1/2

[Event "ch-SLO"]
[Site "Bled SLO"]
[Date "2003.08.07"]
[Round "6"]
[White "Guid,M"]
[Black "Sakelsek,T"]
[Result "1/2-1/2"]
[WhiteElo "2214"]
[BlackElo "2351"]

1.e4 c5 2.Nf3 Nc6 3.Nc3 Qc7 4.d4 cxd4 5.Nxd4 e6 6.Be2 a6 7.O-O Nf6 8.Be3 Bb4
9.Na4 O-O 10.Nxc6 bxc6 11.f4 Rb8 12.Bd3 Be7 13.c4 d6 14.Kh1 e5 15.Rc1 Ng4
16.Bd2 exf4 17.Bxf4 c5 18.Be2 Ne5 19.Bxe5 dxe5 20.Bg4 Bg5 21.Rc2 Be3 22.Bxc8 Qxc8
23.Nc3 Bd4 24.Nd5 Kh8 25.b3 f5 26.exf5 Rxf5 27.Ne7 Rxf1+ 28.Qxf1 Qe6 29.Nd5 Kg8
30.Qf5 Qxf5 31.Ne7+ Kf7 32.Nxf5 g6 33.Nd6+ Ke6 34.Ne4 a5 35.g4 h6 36.Kg2 a4
37.bxa4 Rb4 38.a5 Ra4 39.Kf3 Rxa5 40.Nd2 Ra7 41.Kg2 Rf7 42.Nf3 e4 43.Re2 Rf4
44.h3 g5 45.a4 Kd6 46.Nd2 Ke5 47.a5 e3 48.a6 Rf7 49.Nf1 Ke4 50.Ng3+ Kd3 51.Ra2 Ra7
52.Kf3 Kxc4 53.Nf5 Kb5 54.Nxh6 Rxa6 55.Rxa6 Kxa6 56.Nf5 Kb5 57.h4 gxh4 58.Nxh4 Kc4
59.Ke2 Kd5 60.Nf5 Ke4 61.Nd6+ Kf4 62.Nc4 Kxg4 63.Nxe3+ Kf4 64.Nc2 Ke4 65.Nxd4  1/2-1/2

[Event "It"]
[Site "Kramatorsk UKR"]
[Date "2003.08.07"]
[Round "14"]
[White "Arzumanian,G"]
[Black "Efimenko,Z"]
[Result "1/2-1/2"]
[WhiteElo "2418"]
[BlackElo "2546"]

1.e4 c5 2.Nc3 Nc6 3.Nf3 g6 4.d4 cxd4 5.Nxd4 Bg7 6.Nb3 Nf6 7.Be2 O-O 8.O-O d6
9.Re1 a6 10.Bf1 b5 11.Nd5  1/2-1/2

[Event "10th Summer Open"]
[Site "Nice FRA"]
[Date "2003.08.07"]
[Round "5"]
[White "Mitkov,N"]
[Black "Komljenovic,D"]
[Result "0-1"]
[WhiteElo "2552"]
[BlackElo "2434"]

1.e4 c5 2.Nc3 Nc6 3.Bb5 g6 4.Bxc6 bxc6 5.d3 Bg7 6.Nge2 d6 7.O-O Nf6 8.h3 Nd7
9.Be3 e5 10.Qd2 h6 11.f4 exf4 12.Bxf4 Ne5 13.Rae1 Kf8 14.Nd1 Kg8 15.b3 Be6
16.c3 Qa5 17.Ne3 Re8 18.Rd1 d5 19.Qc2 Kh7 20.d4 Nd7 21.exd5 Bxd5 22.Nxd5 cxd5
23.Kh1 Re6 24.Bh2 Rhe8 25.Nf4 Re4 26.dxc5 Qxc5 27.Nxd5 Re2 28.Qc1 f5 29.Nf4 R2e7
30.c4 Nf6 31.Qc2 g5 32.Nd3 Qc8 33.Qf2 Ne4 34.Qc2  0-1

[Event "HZ Open"]
[Site "Vlissingen NED"]
[Date "2003.08.07"]
[Round "7"]
[White "Kasimdzhanov,R"]
[Black "Afek,Y"]
[Result "1-0"]
[WhiteElo "2664"]
[BlackElo "2387"]

1.e4 c5 2.Nc3 Nc6 3.Bb5 g6 4.Bxc6 dxc6 5.d3 Bg7 6.Be3 b6 7.Qd2 e5 8.Nge2 Nf6
9.h3 Qe7 10.Bh6 O-O 11.Bxg7 Kxg7 12.O-O Nd7 13.Rae1 f6 14.Kh1 Ba6 15.f4 exf4
16.Nxf4 Ne5 17.b3 Rad8 18.Qf2 Bc8 19.Qg3 Kh8 20.Nb1 Qe8 21.Nd2 a5 22.Nc4 Nxc4
23.bxc4 b5 24.e5 fxe5 25.Rxe5 Qd7 26.cxb5 cxb5 27.Rxc5 Rf5 28.Qe3 Rxc5 29.Qxc5 Bb7
30.Kg1 Re8 31.Qc3+ Kg8 32.Qb3+ Kg7 33.Qc3+ Kg8 34.Qf6 Qc6 35.Qg5 Rf8 36.Rf2 Qc3
37.Qe7 Qd4  1-0

[Event "HZ Open"]
[Site "Vlissingen NED"]
[Date "2003.08.08"]
[Round "8"]
[White "Nisipeanu,LD"]
[Black "Ikonnikov,V"]
[Result "1/2-1/2"]
[WhiteElo "2666"]
[BlackElo "2546"]

1.e4 c5 2.Nf3 Nc6 3.Nc3 e5 4.Bc4 Be7 5.d3 Nf6 6.Nd2 d6 7.Nf1 Bg4 8.f3 Be6
9.Ne3 Nd7 10.O-O O-O 11.Ncd5 Bg5 12.f4 exf4 13.Nxf4 Bxf4 14.Rxf4 Nde5 15.b3 a6
16.a4 Rb8 17.Bd2 b5 18.Bd5 b4 19.Bxc6 Nxc6 20.Qh5  1/2-1/2

[Event "HZ Open"]
[Site "Vlissingen NED"]
[Date "2003.08.09"]
[Round "9"]
[White "Stange,S"]
[Black "Struk,J"]
[Result "0-1"]
[WhiteElo "2165"]
[BlackElo "2253"]

1.e4 c5 2.Nc3 Nc6 3.Nge2 g6 4.d4 cxd4 5.Nxd4 Bg7 6.Be3 d6 7.Qd2 Nf6 8.f3 O-O
9.Bc4 Na5 10.Bb3 Bd7 11.h4 h5 12.O-O-O Nxb3+ 13.cxb3 a5 14.Qe2 a4 15.bxa4 Bxa4
16.Rdg1 e5 17.Nc2 Bxc2 18.Qxc2 d5 19.exd5 Qa5 20.Qb3 Rfc8 21.Kb1 Rxc3 22.bxc3 Nxd5
23.Bd2 Ra6 24.Kc2 Rb6 25.Qc4 Rc6 26.Qb3 Nxc3 27.Bxc3 e4 28.Kb1 Rxc3 29.Qxb7 Rc5  0-1

[Event "World Youth Stars"]
[Site "Kirishi RUS"]
[Date "2003.08.13"]
[Round "11"]
[White "Andreikin,D"]
[Black "Nguyen Viet Tuong"]
[Result "1/2-1/2"]
[WhiteElo "2400"]
[BlackElo "2119"]

1.e4 c5 2.Nf3 Nc6 3.Nc3 g6 4.d4 cxd4 5.Nxd4 Bg7 6.Be3 Nf6 7.Bc4 Qa5 8.O-O O-O
9.Nb3 Qc7 10.h3 Ne5 11.Be2 d6 12.Nb5 Qc6 13.Nd2 a6 14.Nd4 Qc7 15.c4 Nc6 16.Nxc6 bxc6
17.Bd3 d5 18.Qc2 dxe4 19.Nxe4 Nxe4 20.Bxe4 Rb8 21.Qa4 c5 22.Rab1 Rxb2 23.Rxb2 Bxb2
24.Rd1 Qe5 25.Qc6 Bd4 26.Bxd4 cxd4 27.Qd5 Qxd5 28.cxd5 e5 29.dxe6 Bxe6 30.Rxd4 Bxa2
31.Ra4 Re8 32.Bf3 Re1+ 33.Kh2 Be6 34.Rxa6 Kg7 35.Kg3 Re5 36.h4 h5 37.Ra4 Rc5
38.Rf4 Bd5 39.Bxd5 Rxd5 40.f3 Ra5 41.Rb4 Ra2 42.Kh3 Ra3 43.Kg3 Ra2 44.Rb3 Kh6
45.Kh3 f5 46.Kg3 Ra4 47.Rb7 Ra5 48.Re7 Rb5 49.f4 Rb3+ 50.Kf2 Rb2+ 51.Re2 Rb4
52.Kf3 Kg7  1/2-1/2

[Event "9th Open"]
[Site "Pilsen-Lobzy CZE"]
[Date "2003.08.16"]
[Round "1"]
[White "Priborsky,I"]
[Black "Klima,L"]
[Result "0-1"]
[WhiteElo "2100"]
[BlackElo "2425"]

1.e4 c5 2.Nf3 Nc6 3.Nc3 e5 4.Bc4 Be7 5.d3 d6 6.Nd2 Bg5 7.h4 Bh6 8.Qh5 g6
9.Qd1 Nf6 10.h5 gxh5 11.Nd5 Bg4 12.f3 Be6 13.c3 Rg8 14.Qe2 h4 15.Nxf6+ Qxf6
16.Bxe6 fxe6 17.Nf1 Bf4 18.Qf2 Bg3 19.Nxg3 Rxg3 20.Bd2 O-O-O 21.O-O-O Rdg8
22.Rdg1 Ne7 23.Be1 Ng6 24.Qd2 Nf4 25.Bxg3 Rxg3 26.d4 exd4 27.cxd4 cxd4 28.Kb1 Kb8
29.Qb4 e5 30.Rc1 Rxg2 31.Qc4 Qd8 32.Rxh4 Ne2 33.Rxh7 Nxc1 34.Qd5 Qc8 35.Qxd6+ Ka8
36.Rc7 Qb8 37.Qd7 Nd3 38.Rxb7 Rg1+ 39.Kc2 Rc1+ 40.Kxd3 Qxb7 41.Qe8+ Qb8  0-1

[Event "Open"]
[Site "Vienna AUT"]
[Date "2003.08.16"]
[Round "1"]
[White "Zickelbein,EM"]
[Black "Ernst,S"]
[Result "0-1"]
[WhiteElo "2138"]
[BlackElo "2468"]

1.e4 c5 2.Nc3 Nc6 3.Bb5 Nd4 4.Bc4 e6 5.Nf3 Ne7 6.Nxd4 cxd4 7.Ne2 Nc6 8.c3 Ne5
9.d3 Nxc4 10.dxc4 dxc3 11.Nxc3 Bc5 12.O-O O-O 13.Bf4 Qe7 14.Nb5 e5 15.Be3 d6
16.Bxc5 dxc5 17.Qd6 Qxd6 18.Nxd6 Rd8 19.Rfd1 Kf8 20.Nxc8 Raxc8 21.Rd5 Rxd5
22.exd5 Ke7 23.Kf1 Kd6 24.a4 e4 25.Ke2 Ke5 26.Rd1 f5 27.g3 Rd8 28.f4+ Kf6
29.Ke3 Rd6 30.b4 cxb4 31.c5 Rd8 32.Kd4 a5 33.Kc4 g5 34.Kb5 gxf4 35.gxf4 e3
36.Re1 Rxd5 37.Rxe3 Rd4 38.Kxa5 Rxf4 39.Kb6 Rc4 40.a5 f4 41.Re1 Kf5 42.Kxb7 Rxc5
43.Kb6 Rc8 44.Kb7 Rf8 45.a6 f3 46.a7 Kg4 47.Re4+ Kh3 48.Rf4 Rxf4 49.a8=Q f2
50.Qg8 Rf3 51.Qc8+ Kxh2 52.Qc7+ Kg2  0-1

[Event "ADCF Masters"]
[Site "Abu Dhabi UAE"]
[Date "2003.08.17"]
[Round "2"]
[White "Iuldachev,S"]
[Black "Paridar,S"]
[Result "1-0"]
[WhiteElo "2513"]
[BlackElo "2250"]

1.e4 c5 2.Nc3 Nc6 3.Nf3 e6 4.Bb5 Nd4 5.O-O a6 6.Bd3 Ne7 7.Nxd4 cxd4 8.Ne2 Nc6
9.c3 Bc5 10.b4 Ba7 11.b5 axb5 12.Bxb5 Qh4 13.d3 dxc3 14.Bxc6 dxc6 15.Qb3 O-O
16.Qxc3 e5 17.Be3 Qe7 18.a4 Rd8 19.a5 Bg4 20.Nc1 Rd6 21.Bxa7 Rxa7 22.f3 Bc8
23.Nb3 Rh6 24.Qc5 Qxc5+ 25.Nxc5 Kf8 26.h3 Ke7 27.Kf2 Kd6 28.Rfc1 Kc7 29.Ke3 Rd6
30.Rcb1 Rd8 31.f4 exf4+ 32.Kxf4 Bd7 33.d4 Rda8 34.Rb6 Bc8 35.Rab1 Rxa5 36.Rxb7+ Bxb7
37.Rxb7+ Kc8 38.Rxf7 R5a7 39.Rf5 Kc7 40.e5 Re8 41.Rf7+ Kb8 42.e6 Rae7 43.Rxe7 Rxe7
44.Ke5 Kc7 45.Na6+ Kd8 46.Nb4 Rb7 47.Nxc6+ Ke8 48.d5 Rb1 49.d6 Re1+ 50.Kf5 Rf1+
51.Kg4 Rd1 52.d7+ Rxd7 53.exd7+ Kxd7 54.Nd4  1-0

[Event "ch-FRA"]
[Site "Aix les Bains FRA"]
[Date "2003.08.18"]
[Round "1"]
[White "Guidarelli,L"]
[Black "Lautier,J"]
[Result "1/2-1/2"]
[WhiteElo "2392"]
[BlackElo "2677"]

1.e4 c5 2.Nf3 Nc6 3.Nc3 Nf6 4.Bb5 Qc7 5.O-O Nd4 6.Nxd4 cxd4 7.Nd5 Nxd5 8.exd5 a6
9.Be2 g6 10.c4 Bg7 11.d3 O-O 12.Bg5 d6 13.Qd2 e5 14.dxe6 fxe6 15.Bg4 e5 16.Bxc8 Raxc8
17.Rae1 Rf7 18.Qe2 Qa5 19.a3 b5 20.b4 Qa4 21.f4 bxc4 22.fxe5 Rxf1+ 23.Rxf1 dxe5
24.Bf6 Qe8 25.Bxg7 Kxg7 26.dxc4 Qe6 27.Re1 Rxc4 28.Qxe5+ Qxe5 29.Rxe5 Kf6
30.Ra5 Rc2 31.Rxa6+ Ke5 32.Ra7 d3 33.Rd7 Ke4 34.b5 Rb2 35.a4 Ke3 36.Re7+ Kd2
37.a5 Rxb5 38.a6 Ra5 39.a7 Kc2 40.Rxh7 d2 41.Rc7+ Kd3 42.Rd7+ Ke3 43.Re7+ Kd3
44.Rd7+ Kc3 45.Rc7+  1/2-1/2

[Event "II American Continental"]
[Site "Buenos Aires ARG"]
[Date "2003.08.18"]
[Round "2"]
[White "Mieles Palau,D"]
[Black "Campitelli,G"]
[Result "1-0"]
[WhiteElo "2468"]
[BlackElo "2190"]

1.e4 c5 2.Nc3 Nc6 3.Nf3 g6 4.d4 cxd4 5.Nxd4 Bg7 6.Be3 Nf6 7.Bc4 O-O 8.Bb3 Qa5
9.O-O d6 10.f3 Nxd4 11.Bxd4 Bd7 12.Qd2 Bc6 13.Rad1 Rfe8 14.Kh1 a6 15.Bxf6 Bxf6
16.Nd5 Qxd2 17.Nxf6+ exf6 18.Rxd2 Rad8 19.Rfd1 Re5 20.Kg1 f5 21.exf5 Rxf5
22.Rxd6 Rxd6 23.Rxd6 g5 24.Bc4 Kg7 25.Bxa6 Rf4 26.Bf1 h5 27.c4 g4 28.fxg4 hxg4
29.b4 Rf5 30.b5 Be4 31.Bd3 Bxd3 32.Rxd3 Rc5 33.Rd4 f5 34.Kf2 Kf6 35.h4 gxh3
36.gxh3 Kg5 37.Kf3 Re5 38.h4+ Kh5 39.Rd5 Re1 40.Rxf5+ Kg6 41.Rc5 Ra1 42.Rc7 Rxa2
43.Rxb7  1-0

[Event "Open"]
[Site "Vienna AUT"]
[Date "2003.08.19"]
[Round "4"]
[White "Aschenbrenner,R"]
[Black "Robitsch,H"]
[Result "1-0"]
[WhiteElo "2229"]
[BlackElo "2074"]

1.e4 c5 2.Nc3 Nc6 3.Nf3 g6 4.Bb5 Nd4 5.Bc4 Bg7 6.Nxd4 cxd4 7.Qf3 Nh6 8.Ne2 e6
9.d3 b5 10.Bb3 Bb7 11.O-O Qh4 12.g3 Qg4 13.Qxg4 Nxg4 14.h3 Ne5 15.Nxd4 Nxd3
16.Be3 Nc5 17.Nxb5 Nxb3 18.axb3 O-O 19.Nd6 Bc6 20.c3 a5 21.Rfd1 Rfb8 22.Ra3 Be5
23.Nc4 Bc7 24.Bc5 Bxe4 25.Rxd7 Rd8 26.Rxd8+ Rxd8 27.f4 g5 28.Bb6 Bxb6+ 29.Nxb6 gxf4
30.gxf4 Rd2 31.Rxa5 Rg2+ 32.Kf1 Rxb2 33.Nd7 Bd3+ 34.Kg1 Rxb3 35.Rg5+ Bg6
36.h4 h5 37.Rc5 Rb7 38.Ne5 Kg7 39.Kf2 Bf5 40.Ke3 f6 41.Nf3 Rb1 42.Ra5 Rd1
43.Ra3 Rd3+ 44.Ke2 Kg6 45.Rb3 Kh6 46.Ra3 Kg6 47.Rb3 Kh6 48.Nd4 Rh3 49.c4 Rxh4
50.Nxf5+ exf5 51.Rf3 Rg4 52.c5 h4 53.c6 Rg7 54.Rc3 Rc7 55.Kf3 Kh5 56.Rc4 Kg6
57.Kg2 Kf7 58.Kh3 Ke6 59.Rc5 Kd6 60.Rxf5 Rf7 61.Kxh4 Kxc6 62.Kh5 Kd6 63.Kg6 Ke6
64.Ra5 Rb7 65.Ra6+ Ke7 66.f5 Rb2 67.Re6+ Kf8 68.Kxf6 Rb7 69.Ra6 Rf7+ 70.Kg5 Rg7+
71.Kf4 Rb7 72.Ke5 Re7+ 73.Re6 Ra7 74.Rb6 Re7+ 75.Kf4 Rc7 76.Rf6+ Kg8 77.Kg5 Ra7
78.Rb6 Rg7+ 79.Rg6 Kh7 80.Kf6 Ra7 81.Rg2 Ra6+ 82.Ke5 Ra5+ 83.Kf4 Ra4+ 84.Kg5 Ra5
85.Rb2 Ra7 86.Rh2+ Kg8 87.Rb2 Kh7 88.Rb8 Ra5 89.Rb7+ Kg8 90.Kg6 Kf8 91.f6 Ra8
92.Rh7  1-0

[Event "Open"]
[Site "Vienna AUT"]
[Date "2003.08.19"]
[Round "4"]
[White "Loidl,F"]
[Black "Schwarhofer,C"]
[Result "0-1"]
[WhiteElo "2171"]
[BlackElo "2015"]

1.e4 c5 2.Nc3 Nc6 3.Nge2 g6 4.d4 cxd4 5.Nxd4 Bg7 6.Be3 d6 7.Qd2 Bd7 8.Bc4 Nf6
9.f3 O-O 10.h4 Qa5 11.O-O-O Rfc8 12.Bb3 Ne5 13.h5 Nxh5 14.g4 Nf6 15.Bh6 Bxh6
16.Qxh6 Rxc3 17.bxc3 Qxc3 18.Nf5 gxf5 19.gxf5 Qa1+ 20.Kd2 Nxf3+ 21.Ke2 Qe5
22.Rdg1+ Nxg1+ 23.Rxg1+ Ng4 24.Rxg4+ Kh8 25.Kf3 Qc3+ 26.Kf2 Qd4+ 27.Kf3 Rg8
28.Rxg8+ Kxg8 29.Qg5+ Kf8 30.Qh6+ Qg7 31.Qh4 Qc3+ 32.Kf2 Qd2+ 33.Kf1 Bb5+
34.Kg1 Qd1+ 35.Kh2 Qe2+ 36.Kh3 Qf3+ 37.Kh2 h5 38.Kg1 Qe3+ 39.Kh2 Bf1 40.Qg3 Qxe4
41.f6 Qe5 42.fxe7+ Kxe7 43.Qxe5+ dxe5 44.Bd5 b6 45.Kg3 Be2 46.Kf2 Bg4 47.Ke3 f5
48.Bg2 Kd6 49.c3 Kc5 50.Bf1 h4 51.Bd3 e4 52.Bf1 h3 53.Kf4 h2  0-1

[Event "ch-FRA"]
[Site "Aix les Bains FRA"]
[Date "2003.08.20"]
[Round "3"]
[White "Guidarelli,L"]
[Black "Skripchenko,A"]
[Result "1/2-1/2"]
[WhiteElo "2392"]
[BlackElo "2489"]

1.e4 c5 2.Nf3 Nc6 3.Nc3 e6 4.Bb5 Nd4 5.Ba4 a6 6.Nxd4 cxd4 7.Ne2 b5 8.Bb3 Bb7
9.d3 Bc5 10.O-O Ne7 11.Ng3 O-O 12.Qh5 Rc8 13.f4 g6 14.Qe2 f5 15.Kh1 Kh8 16.Bd2 Ng8
17.c3 Nf6 18.h3 Qb6 19.Rac1 a5 20.a3 dxc3 21.Bxc3 Bd4 22.e5 Nd5 23.Bxd5 Bxd5
24.Bxd4 Qxd4 25.Qd2 b4 26.axb4 axb4 27.Rxc8 Rxc8 28.Ne2 Qb6 29.Kh2 Kg7 30.Kg3 Qb7
31.Nd4 Kf7 32.Nf3 Bxf3 33.Rxf3 b3 34.Qe3 Qd5 35.d4 Rc4 36.Qxb3 Qxd4 37.Qb8 Kg7  1/2-1/2

[Event "Open"]
[Site "Vienna AUT"]
[Date "2003.08.20"]
[Round "5"]
[White "Roth,Pe"]
[Black "Vitouch,A"]
[Result "1-0"]
[WhiteElo "2289"]
[BlackElo "2162"]

1.e4 c5 2.Nc3 Nc6 3.Bb5 g6 4.Bxc6 dxc6 5.d3 Bg7 6.h3 Nf6 7.Nf3 O-O 8.Be3 Nd7
9.Qd2 e5 10.Bh6 Bxh6 11.Qxh6 Qf6 12.Ne2 Qg7 13.Qxg7+ Kxg7 14.O-O-O Re8 15.Nd2 b6
16.g3 Ba6 17.f4 Rad8 18.Rde1 Re7 19.h4 Nf6 20.fxe5 Ng4 21.e6 Rxe6 22.Nf4 Re7
23.h5 Ne5 24.hxg6 hxg6 25.b3 b5 26.Re2 c4 27.dxc4 bxc4 28.Reh2 Red7 29.b4 Kf6
30.Nb1 Ng4 31.Rg2 Ne3 32.Rgg1 Ke5 33.Re1 Ng4 34.Nc3 Rd4 35.Rhf1 Nf6 36.Nh3 R4d7
37.Ng5 Rh8 38.Rf4 Rh5 39.Nf3+ Ke6 40.g4 Rh8 41.e5 Nd5 42.Ng5+ Ke7 43.Rxf7+ Ke8
44.Rxd7 Kxd7 45.Rd1 Rh4 46.b5 Bxb5 47.Nxb5 Rxg4 48.Nf3 Rf4 49.Nbd4  1-0

[Event "II American Continental"]
[Site "Buenos Aires ARG"]
[Date "2003.08.21"]
[Round "4"]
[White "Mieles Palau,D"]
[Black "Toloza,P"]
[Result "1-0"]
[WhiteElo "2468"]
[BlackElo "2374"]

1.e4 c5 2.Nc3 Nc6 3.Nf3 d6 4.d4 cxd4 5.Nxd4 Nf6 6.Bg5 e6 7.Qd2 h6 8.Bxf6 Qxf6
9.Ndb5 Qd8 10.O-O-O g5 11.Be2 h5 12.h4 g4 13.Nxd6+ Bxd6 14.Qxd6 Qxd6 15.Rxd6 Ke7
16.Rd2 Ne5 17.Nb5 Bd7 18.Nd6 Bc6 19.Bb5 Bxb5 20.Nxb5 Rhc8 21.b3 a6 22.Nd4 b5
23.Ne2 Rc5 24.Nf4 Rac8 25.Rhd1 Nc6 26.Nd3 Rc3 27.Kb2 Nb8 28.f3 gxf3 29.gxf3 Nd7
30.Rg2 R3c7 31.Rg5 Rh8 32.Nf4 Rh6 33.Nxh5 Nf8 34.Nf4 Rxh4 35.Nd3 Rh3 36.Rf1 Ng6
37.Nb4 Kf6 38.f4 a5 39.Nd3 Rb7 40.e5+ Kg7 41.f5 exf5 42.e6 Kh6 43.Rfxf5 fxe6
44.Rxb5 Rxb5 45.Rxb5 Rh5 46.Rxh5+ Kxh5 47.a4 Kg4 48.b4 axb4 49.a5 Ne7 50.Ne5+ Kf5
51.a6 Nc8 52.Nc6 Nb6 53.Kb3 Ke4 54.Kxb4 Kd5 55.Kb5 Na8 56.c4+ Kd6 57.c5+ Kd7
58.Ne5+ Kc7 59.Nc4 Kb8 60.Kc6 e5 61.Nxe5  1-0

[Event "XI Open A"]
[Site "Mislata ESP"]
[Date "2003.08.21"]
[Round "3"]
[White "Arizmendi Martinez,J"]
[Black "Pavia Miralles,J"]
[Result "1-0"]
[WhiteElo "2521"]
[BlackElo "2309"]

1.e4 c5 2.Nf3 Nc6 3.Nc3 g6 4.d4 cxd4 5.Nxd4 Bg7 6.Be3 Nf6 7.Bc4 Qa5 8.O-O O-O
9.Nb3 Qc7 10.Be2 d6 11.f3 a5 12.Nb5 Qd8 13.c4 Be6 14.N3d4 Nd7 15.Qd2 Nde5
16.Nxe6 fxe6 17.f4 Nd7 18.Bg4 e5 19.Be6+ Kh8 20.f5 gxf5 21.Bxf5 Rf7 22.Qd5 Rf8
23.Qd1 Nf6 24.Qe1 e6 25.Bxe6 Nxe4 26.Bf5 Ng5 27.Qg3 Bf6 28.Rad1 Nd4 29.Nxd4 exd4
30.Rxd4  1-0

[Event "9th Open"]
[Site "Pilsen-Lobzy CZE"]
[Date "2003.08.21"]
[Round "6"]
[White "Maupin,JP"]
[Black "Horak,Ji2"]
[Result "1-0"]
[WhiteElo "2040"]
[BlackElo "2138"]

1.e4 c5 2.Nf3 Nc6 3.Nc3 d6 4.d4 cxd4 5.Nxd4 e6 6.Be3 Nf6 7.f3 Be7 8.Qd2 a6
9.O-O-O Qc7 10.g4 O-O 11.h4 Rd8 12.g5 Nh5 13.Bh3 b5 14.Nxc6 Qxc6 15.Bg4 g6
16.Bxh5 gxh5 17.Ne2 e5 18.Nc3 Be6 19.Nd5 Bf8 20.Kb1 Bxd5 21.Qxd5 Rac8 22.Qb3 Qc4
23.Rd3 Qxb3 24.axb3 Rc6 25.c3 a5 26.Rd5 Rb8 27.Rc1 Be7 28.Kc2 Bd8 29.f4 Bc7
30.Rcd1 b4 31.c4 a4 32.Ra1 axb3+ 33.Kxb3 exf4 34.Bxf4 Re8 35.Re1 Rb6 36.Bg3 Rb7
37.Bxd6  1-0

[Event "9th Open"]
[Site "Pilsen-Lobzy CZE"]
[Date "2003.08.21"]
[Round "6"]
[White "Folk,P"]
[Black "Hlavac,R"]
[Result "1-0"]
[WhiteElo "2284"]
[BlackElo "2150"]

1.e4 c5 2.Nf3 Nc6 3.Nc3 e5 4.Bc4 Be7 5.d3 d6 6.Nd2 Bg5 7.h4 Bh6 8.Qh5 g6
9.Qd1 Nf6 10.Nf1 Bxc1 11.Qxc1 Nd4 12.Ne3 Be6 13.Ncd5 b5 14.Nxf6+ Qxf6 15.Bd5 Bxd5
16.Nxd5 Qd8 17.c3 Ne6 18.Qh6 Kd7 19.a4 Kc6 20.axb5+ Kxb5 21.O-O a5 22.Ra3 g5
23.Rb3+ Kc6 24.Rb6+ Qxb6 25.Nxb6 Kxb6 26.hxg5 Rhg8 27.Qf6 Rxg5 28.Qe7 Rag8
29.Qxd6+ Kb7 30.g3 R8g6 31.Ra1  1-0

[Event "ADCF Masters"]
[Site "Abu Dhabi UAE"]
[Date "2003.08.22"]
[Round "6"]
[White "Rausis,I"]
[Black "Gagunashvili,M"]
[Result "1/2-1/2"]
[WhiteElo "2495"]
[BlackElo "2577"]

1.e4 c5 2.Nf3 Nc6 3.Nc3 e6 4.Bb5 Nd4 5.O-O a6 6.Bd3 Ne7 7.Nxd4 cxd4 8.Ne2 Nc6
9.c3 Bc5 10.b4 Ba7 11.Nxd4 Nxd4 12.cxd4 Bxd4 13.Rb1 O-O 14.Qb3 b6 15.Bb2 Qf6
16.Bxd4 Qxd4 17.Qc3 Qxc3 18.dxc3 Bb7 19.f3 Rfc8 20.Rfc1 Kf8 21.Kf2 Ke7 22.a4 Rc7
23.Ke3 Rac8 24.Kd2 g5 25.c4 g4 26.fxg4 Rg8 27.h3 h5 28.g3 hxg4 29.h4 f6 30.c5 bxc5
31.Rxc5 Rxc5 32.bxc5 Bc6 33.a5 Rh8 34.Bxa6 Bxe4 35.Bd3 Bc6 36.a6 Rh5 37.Rc1 f5
38.Ke3 e5 39.a7 f4+ 40.Kf2 Rh8 41.Re1 Kf6 42.Be4 Ra8 43.Bxc6 dxc6 44.Ra1 Kg6
45.Ra4 Kh5 46.Ra6 e4 47.gxf4 Kxh4 48.Rxc6 g3+ 49.Ke3 Rxa7 50.Rd6  1/2-1/2

[Event "9th Open"]
[Site "Pilsen-Lobzy CZE"]
[Date "2003.08.22"]
[Round "7"]
[White "Kuba,J"]
[Black "Michalek,J"]
[Result "0-1"]
[WhiteElo "2158"]
[BlackElo "2390"]

1.e4 c5 2.Nc3 Nc6 3.Nge2 e6 4.g3 Nf6 5.Bg2 Be7 6.d4 cxd4 7.Nxd4 a6 8.O-O O-O
9.Kh1 Qc7 10.f4 d6 11.f5 Bd7 12.Bh3 Nxd4 13.Qxd4 b5 14.Bg5 h6 15.Be3 Qb7
16.a3 a5 17.fxe6 fxe6 18.Bg2 Bc6 19.b4 Ng4 20.Bd2 e5 21.Qg1 axb4 22.Nd5 Bxd5
23.exd5 bxa3 24.h3 Nf6 25.Qe3 Qa7 26.Qe2 Qa4 27.Ra2 Rfc8 28.Qd3 e4 29.Qb3 Rc5
30.Bb4 Qxb3 31.cxb3 Rxd5 32.Rxa3 Rxa3 33.Bxa3 Rd3 34.Rb1 Kf7 35.Bf1 Rxg3
36.Kh2 Rc3 37.Bxb5 Rc2+ 38.Kg1 Ke6 39.Re1 Bd8 40.Bc1 Bb6+ 41.Be3 Rc1  0-1

[Event "Open"]
[Site "Vienna AUT"]
[Date "2003.08.22"]
[Round "7"]
[White "Roth,Pe"]
[Black "Bachofner,C"]
[Result "1/2-1/2"]
[WhiteElo "2289"]
[BlackElo "2159"]

1.e4 c5 2.Nc3 Nc6 3.Bb5 g6 4.Bxc6 dxc6 5.d3 Bg7 6.Be3 b6 7.Qd2 Nf6 8.h3 e5
9.g4 h5 10.g5 Nd7 11.Nge2 Nf8 12.O-O-O Ne6 13.Rdf1 O-O 14.Ng3 b5 15.Nf5 b4
16.Ne2 Qa5 17.Kb1 Nd4 18.Nxg7 Kxg7 19.Bxd4 cxd4 20.f4 Rb8 21.Nc1 Qb5 22.Qf2 a5
23.fxe5 Qxe5 24.Qf6+ Qxf6 25.Rxf6 Be6 26.Ne2 Rbd8 27.Nf4 Rfe8 28.Rf1 Rd7
29.b3 Ree7 30.Kb2 Ra7 31.Ra1 a4 32.Nxe6+ Rxe6 33.Raf1 a3+ 34.Kc1 Rae7 35.h4 Kf8
36.Kd2 Rxf6 37.Rxf6 Re6  1/2-1/2

[Event "ADCF Masters"]
[Site "Abu Dhabi UAE"]
[Date "2003.08.23"]
[Round "7"]
[White "Tissir,M"]
[Black "El Gindy,E"]
[Result "0-1"]
[WhiteElo "2346"]
[BlackElo "2498"]

1.e4 c5 2.Nc3 Nc6 3.Bb5 Nd4 4.Bc4 g6 5.Nf3 Bg7 6.O-O a6 7.Nxd4 cxd4 8.Ne2 Nf6
9.d3 d5 10.exd5 Nxd5 11.Nf4 Nb6 12.Bb3 O-O 13.Qf3 Nd7 14.a4 Nc5 15.Bc4 Bd7
16.a5 e6 17.Qg3 Bc6 18.h4 e5 19.Nh3 Bd5 20.b3 Rc8 21.h5 Rc6 22.h6 Bh8 23.Re1 Re8
24.f3 f5 25.Bd2 Rc8 26.Re2 Bxc4 27.bxc4 e4 28.fxe4 fxe4 29.dxe4 Nxe4 30.Qe1 Nxd2
31.Qxd2 Re3 32.Rb1 Qh4 33.Rxb7 Rce8 34.Rxe3 dxe3 35.Qe2 Qg3 36.Kf1 g5 37.c5 g4
38.Ng1 Qf4+ 39.Nf3 Qxh6 40.Kg1 gxf3  0-1

[Event "II American Continental"]
[Site "Buenos Aires ARG"]
[Date "2003.08.23"]
[Round "6"]
[White "Estay,O"]
[Black "Plazaola,M"]
[Result "0-1"]
[WhiteElo "2231"]
[BlackElo "2047"]

1.e4 c5 2.Nf3 Nc6 3.Nc3 d6 4.d4 cxd4 5.Nxd4 g6 6.Be3 Bg7 7.Qd2 Nf6 8.f3 a6
9.Bc4 Bd7 10.Bb3 Rc8 11.Nxc6 bxc6 12.Bh6 O-O 13.h4 c5 14.Bc4 Qb6 15.Bxg7 Kxg7
16.h5 Rh8 17.h6+ Kf8 18.g4 Rb8 19.b3 Bc6 20.g5 Nd7 21.f4 Ke8 22.Rf1 Rf8 23.Bd5 Bb5
24.Rf3 a5 25.Bc4 Bc6 26.Re3 Qc7 27.Rd1 Rb6 28.a4 f6 29.Nb5 Bxb5 30.Bxb5 Kd8
31.Bxd7 Kxd7 32.Qxa5 fxg5 33.fxg5 Rf4 34.Qc3 Qc6 35.Qd3 Rb4 36.c4 Rb8 37.e5 Rd4
38.Qf1 Rf8 39.Qh3+ Rf5 40.exd6 e6 41.Rxd4 cxd4 42.Re2 Qxd6 43.Qd3 e5 44.Kd2 Qb4+
45.Kd1 Qa3 46.Kd2 Rf1 47.Qh3+ Rf5 48.Qg2 Qb2+ 49.Kd1 Qxb3+ 50.Kd2 Qc3+ 51.Kd1 Rf1+  0-1

[Event "II American Continental"]
[Site "Buenos Aires ARG"]
[Date "2003.08.23"]
[Round "6"]
[White "Zarnicki,P"]
[Black "Julia,E"]
[Result "1-0"]
[WhiteElo "2530"]
[BlackElo "2387"]

1.e4 c5 2.Nc3 Nc6 3.Nf3 e6 4.Bb5 Nge7 5.O-O a6 6.Bxc6 Nxc6 7.d4 cxd4 8.Nxd4 Be7
9.Nxc6 dxc6 10.e5 Qc7 11.Bf4 Bd7 12.Ne4 c5 13.Qg4 O-O-O 14.Bg5 f6 15.exf6 gxf6
16.Bxf6 Bxf6 17.Nxf6 Bc6 18.Qxe6+ Kb8 19.Rad1 Qg7 20.g3 Ka8 21.c3 Qg6 22.Qe5 h5
23.Nd5 Qc2 24.Nc7+ Ka7 25.Rxd8 Rxd8 26.Qxc5+  1-0

[Event "Independence Cup"]
[Site "Kyiv UKR"]
[Date "2003.08.23"]
[Round "11"]
[White "Vovk,Or"]
[Black "Kernazhitsky,L"]
[Result "0-1"]
[WhiteElo "2293"]
[BlackElo "2402"]

1.Nc3 c5 2.Nf3 Nc6 3.e4 e5 4.Bc4 d6 5.d3 Be7 6.Nd5 Nf6 7.Nxe7 Qxe7 8.Ng5 O-O
9.h3 h6 10.Nf3 Be6 11.Bb5 Nd4 12.Nxd4 cxd4 13.c4 dxc3 14.bxc3 d5 15.exd5 Nxd5
16.Bd2 Nf4 17.Bxf4 exf4 18.Qe2 Qc5 19.Qb2 Rac8 20.Rc1 Qe5+ 21.Kf1 a6 22.Ba4 Qd5
23.Bc2 f3 24.g3 Qe5 25.Bd1 Bd5 26.Qd2 Rfd8 27.Kg1 Qf5 28.h4 Rd6 29.h5 Bc4
30.d4 Re8 31.Rh4 Qd3 32.Qxd3 Re1+ 33.Kh2 Bxd3 34.d5 Rf1 35.Rd4 Rxf2+ 36.Kh3 Bf1+
37.Kg4 Bb5 38.Bc2 Bd7+ 39.Bf5 Bxf5+ 40.Kxf5 Re2 41.c4 f2 42.Rdd1 b5 43.Rf1 bxc4
44.Rxc4 Rxd5+ 45.Kg4 Rg5+ 46.Kf3 Rxa2 47.g4 f5 48.Rxf2 fxg4+ 49.Kg3 Rxf2
50.Kxf2 Rxh5 51.Ra4 a5 52.Rxg4  0-1